Les methodes mathematiques de la mecanique classique
Αποθηκεύτηκε σε:
| Κύριος συγγραφέας: | |
|---|---|
| Μορφή: | Βιβλίο |
| Γλώσσα: | French |
| Δημοσίευση: |
Moscou :
Editions MIR,
1976
|
| Θέματα: | |
| Ετικέτες: |
Προσθήκη ετικέτας
Δεν υπάρχουν, Καταχωρήστε ετικέτα πρώτοι!
|
MARC
| LEADER | 00000nam a2200000 i 4500 | ||
|---|---|---|---|
| 001 | 1/46739 | ||
| 008 | 941103s1976 fre d | ||
| 035 | |a 1988 |l 10042877 | ||
| 040 | |a GR-MY-UA |b gre |e aacr | ||
| 041 | 0 | |a fre | |
| 082 | 0 | |a 531.0151 | |
| 100 | 1 | |a Arnold, V. I. |q (Vladimir Igorevich), |d 1937-2010. | |
| 245 | 1 | 4 | |a Les methodes mathematiques de la mecanique classique / |c V. Arnold |
| 260 | |a Moscou : |b Editions MIR, |c 1976 | ||
| 300 | |a 470 p.; |c 22 cm. | ||
| 500 | |a Includes index | ||
| 650 | 0 | 0 | |a Mechanics, Analytic. |
| 852 | |a INST |b SAMOS |e 19941103 |h 531.0151 ARN |p 005300002949 |q 005300002949 |t BK |y 0 | ||
| 909 | |a Σ |b 010042 | ||